1830 1444 1060 1456 1260 1015 1459 1520 1307 1659 1323 1279 1399 1884 1810 1429 1525 1436 1642 1866 1793 1163 1842 1497 1719 1878 1611 1098 1894 1496 1860 1342 1799 1971 1671 1343 1719 1716 1190 1709 1369 1952 1744 1992 1032 1341 1413 1277 1462 1652 1084 1597 1503 1363 1525 1603 1658 1875 1605 1039 1353 1529 1064 1978 1053 1659 1626 1941 1567 1823 1375 1986 1981 1435 1726 1221 1855 1845 1556 1445 1452 1748 1360 1205 1992 1019 1454 1399 1865 1019 1309 1670 1992 1082 1336 1157 1633 1865 1593 BCNSPRNW ULIB Ver.6.0+V

เปลี่ยนเป็นภาษาไทย

Change to English
 แสดงรายละเอียดบรรณานุกรม
  กลับหน้าหลัก

Brief Record : Get Marc (ISO 2709) : E-mail record : QR code < ปิดหน้าต่าง
LEADER : 00000nam 2200000uu 4500
001    13399109309
003     ULIB
008    110317s2543||||th 000 0 tha d
020    9745746614
060 04 WA546^bว369อ 2543
100 0  วสุธร ตันวัฒนกุล
245 10 อนามัยชุมชนและการสาธารณสุขมูลฐาน /^cวสุธร ตันวัฒนกุล
250    พิมพ์ครั้งที่ 1
260    ชลบุรี :^bคณะสาธารณสุขศาสตร์ มหาวิทยาลัยบูรพา,^c2543
300    154 หน้า
650  7 อนามัยชุมชน
650  7 สาธารณสุขมูลฐาน
710 2  มหาวิทยาลัยบูรพา. ^bคณะสาธารณสุขศาสตร์
945    ^p0^l0^i012439
945    ^p0^l0^i012437
945    ^p0^l0^i012435
945    ^p0^l0^i012433
945    ^p0^l0^i012431
945    ^p0^l0^i012429
945    ^p0^l0^i012428
945    ^p0^l0^i012440
945    ^p0^l0^i012438
945    ^p0^l0^i012436
945    ^p0^l0^i012434
945    ^p0^l0^i012432
945    ^p0^l0^i012430
995    ทศพร
999 ^a ใช้งานได้ทุกระบบ
รายการนี้ยังไม่มีแท็ก
คุณยังไม่ได้ล็อกอิน คุณสามารถมีกิจกรรมร่วมกับเว็บไซต์ได้ แต่ต้องล็อกอินก่อน ::
  ล็อกอิน

รายการสื่อสารสนเทศ

ลำดับที่ ประเภท เลขเรียก/บาร์โค้ด สถานที่ สถานะ
- ไม่พบข้อมูล -

รายการใกล้เคียง
    ผู้แต่ง [วสุธร ตันวัฒนกุล]

    หัวเรื่อง [อนามัยชุมชน]
    หัวเรื่อง [สาธารณสุขมูลฐาน]

BibComment


ยังไม่เคยถูกคอมเมนท์

คอมเมนท์ทรัพยากรรายการนี้
  คอมเมนท์: อนามัยชุมชนและการ..


 Copyright 2026. Bcnsprnw @Library